[Event "Otvoreno Prvenstvo Sente 2015"]
[Site "Senta"]
[Date "2015.02.01"]
[Round "3.10"]
[White "Burany, Karoly"]
[Black "Ridjicki, Nenad"]
[Result "0-1"]
[WhiteElo "1451"]
[BlackElo "1810"]
[PlyCount "58"]
[EventDate "2015.01.30"]

1. e4 c5 2. Bc4 e6 3. a3 a6 4. d3 b5 5. Ba2 Bb7 6. Bf4 Qf6 7. Bxb8 Qxb2 8. Nd2
Rxb8 9. Bb3 f5 10. f3 Bd6 11. Ne2 Qf6 12. a4 Ne7 13. g3 O-O 14. O-O Kh8 15. f4
e5 16. axb5 axb5 17. Ra5 exf4 18. Rxb5 fxg3 19. Nxg3 f4 20. Nc4 Qd4+ 21. Kg2
fxg3 22. Rxf8+ Rxf8 23. Qh1 Rf2+ 24. Kh3 Rxh2+ 25. Qxh2 gxh2 26. Nxd6 h1=Q+ 27.
Kg4 h5+ 28. Kf4 Qh4+ 29. Kf3 Qdf2# 0-1

[Event "Otvoreno Prvenstvo Sente 2015"]
[Site "Senta"]
[Date "2015.02.01"]
[Round "3.11"]
[White "Lorincz, Laszlo"]
[Black "Boros, Aron"]
[Result "1-0"]
[WhiteElo "1808"]
[BlackElo "1415"]
[PlyCount "41"]
[EventDate "2015.01.30"]

1. d4 d5 2. Bf4 Nf6 3. Nf3 Bg4 4. e3 e6 5. a3 Bd6 6. Bg3 Qe7 7. Nbd2 Ne4 8. Be2
Nxg3 9. hxg3 Nd7 10. c4 b6 11. cxd5 exd5 12. Bb5 O-O-O 13. Qa4 a5 14. Bc6 Nb8
15. b4 Nxc6 16. Qxc6 Bxf3 17. Nxf3 Qe4 18. bxa5 bxa5 19. Rc1 Qd3 20. Ne5 Qf5
21. Qa8# 1-0

[Event "Otvoreno Prvenstvo Sente 2015"]
[Site "Senta"]
[Date "2015.02.01"]
[Round "3.13"]
[White "Radisic, Dragoljub"]
[Black "Grbin, Stefan"]
[Result "0-1"]
[WhiteElo "1395"]
[BlackElo "1711"]
[PlyCount "76"]
[EventDate "2015.01.30"]

1. e4 e6 2. d4 d5 3. e5 c5 4. c3 Nc6 5. Nf3 Qb6 6. Qa4 Bd7 7. Bb5 Nxe5 8. Na3
Nc6 9. Bf4 a6 10. Ne5 Nxe5 11. Bxe5 Bxb5 12. Nxb5 Qxb5 13. Qxb5+ axb5 14. dxc5
f6 15. Bd4 e5 16. Be3 f5 17. O-O-O f4 18. Bd2 Bxc5 19. Rhe1 e4 20. Bxf4 Nf6 21.
Be5 Rd8 22. f3 e3 23. b4 Bb6 24. Bd4 Bxd4 25. Rxd4 Kf7 26. Rxe3 Rhe8 27. Red3
Re1+ 28. Kd2 Rde8 29. Kc2 R8e2+ 30. Kb3 Rxg2 31. Rd2 Ree2 32. Rxe2 Rxe2 33. a4
bxa4+ 34. Kxa4 Re3 35. c4 dxc4 36. Rxc4 Nd7 37. Rc7 Re7 38. Rxb7 Nc5+ 0-1

[Event "Otvoreno Prvenstvo Sente 2015"]
[Site "Senta"]
[Date "2015.02.01"]
[Round "3.15"]
[White "Vrabel, Mate"]
[Black "Kruska, Matej"]
[Result "1-0"]
[WhiteElo "1487"]
[BlackElo "1390"]
[PlyCount "105"]
[EventDate "2015.01.30"]

1. d4 e6 2. e4 d5 3. e5 f6 4. Nf3 c5 5. c4 Qb6 6. cxd5 exd5 7. exf6 Nxf6 8.
Qe2+ Be7 9. dxc5 Qxc5 10. Qb5+ Qc6 11. Nd4 Qxb5 12. Bxb5+ Bd7 13. Bxd7+ Nbxd7
14. O-O O-O 15. Ne6 Rfc8 16. Bg5 Rc6 17. Re1 Re8 18. Nf4 Bf8 19. Nc3 Bb4 20.
Rxe8+ Nxe8 21. Nfxd5 Bxc3 22. Ne7+ Kh8 23. Nxc6 Bxb2 24. Rb1 bxc6 25. Rxb2 h6
26. Rb7 Nef6 27. Bxf6 Nxf6 28. Rxa7 Ne4 29. Rc7 c5 30. a4 Nc3 31. a5 Na4 32. a6
Kh7 33. a7 Nb6 34. Rxc5 Nd7 35. Rc7 Nb6 36. Rb7 Na8 37. Kf1 Kg6 38. Ke2 Kf6 39.
Kd3 Ke6 40. Rb8 Nc7 41. a8=Q Nxa8 42. Rxa8 Kf5 43. Ra6 h5 44. Ke3 Kg5 45. Kf3
g6 46. Ra5+ Kh4 47. Rb5 g5 48. g3+ Kh3 49. Rxg5 h4 50. Rh5 Kxh2 51. Rxh4+ Kg1
52. Rh5 Kf1 53. Rh1# 1-0

[Event "Otvoreno Prvenstvo Sente 2015"]
[Site "Senta"]
[Date "2015.02.01"]
[Round "3.16"]
[White "Jankov, Danijel"]
[Black "Igaz, Ervin"]
[Result "0-1"]
[WhiteElo "1352"]
[BlackElo "2013"]
[PlyCount "106"]
[EventDate "2015.01.30"]

1. e4 d5 2. exd5 Nf6 3. Nf3 Nxd5 4. Bc4 e6 5. O-O Be7 6. d4 Nc6 7. Bd2 O-O 8.
Nc3 Nb6 9. Bd3 Nxd4 10. Nxd4 Qxd4 11. Be3 Qb4 12. Bd4 g6 13. Nb5 Bd8 14. a3 Qe7
15. Bxb6 cxb6 16. Be4 a6 17. Nd6 Bc7 18. Nxc8 Raxc8 19. g3 Bb8 20. c3 b5 21.
Qf3 Rc7 22. Rad1 Kg7 23. Rd2 f5 24. Bc2 Qc5 25. Rfd1 Ba7 26. Rd7+ Rf7 27. Rxf7+
Rxf7 28. Bb3 Re7 29. Re1 e5 30. Qe3 Qxe3 31. fxe3 f4 32. Kg2 Bxe3 33. Kf3 Rd7
34. Bc2 Rd2 35. Re2 Rd7 36. Be4 Kf6 37. h4 b6 38. g4 h6 39. g5+ hxg5 40. hxg5+
Kg7 41. Rh2 Rd1 42. Rh6 Rd6 43. Kg4 Bc1 44. b3 Bxa3 45. Rh3 Rd1 46. Rh6 Rg1+
47. Kh4 Be7 48. Rxg6+ Kf7 49. Kh5 Rg3 50. Bd5+ Ke8 51. Rg8+ Kd7 52. g6 Kd6 53.
Bf7 f3 0-1

[Event "Otvoreno Prvenstvo Sente 2015"]
[Site "Senta"]
[Date "2015.02.06"]
[Round "4.1"]
[White "Vranic, Ljubomir"]
[Black "Farkas, Tibor"]
[Result "1/2-1/2"]
[WhiteElo "2199"]
[BlackElo "2244"]
[PlyCount "26"]
[EventDate "2015.01.30"]

1. d4 Nf6 2. c4 g6 3. Nc3 d5 4. Nf3 Bg7 5. Qb3 dxc4 6. Qxc4 O-O 7. Bf4 c6 8. e3
Be6 9. Qa4 Nbd7 10. Be2 h6 11. h3 Nd5 12. Nxd5 Bxd5 13. Rd1 Qb6 1/2-1/2

[Event "Otvoreno Prvenstvo Sente 2015"]
[Site "Senta"]
[Date "2015.02.06"]
[Round "4.2"]
[White "Sarnyai, Daniel"]
[Black "Nagy, Attila N"]
[Result "1/2-1/2"]
[WhiteElo "1998"]
[BlackElo "2202"]
[PlyCount "80"]
[EventDate "2015.01.30"]

1. c4 c5 2. Nf3 Nf6 3. Nc3 e6 4. d4 cxd4 5. Nxd4 a6 6. e4 d6 7. Bg5 Nbd7 8. f4
Be7 9. Bd3 Qb6 10. Nb3 h6 11. Bxf6 Nxf6 12. Qf3 Bd7 13. O-O-O h5 14. h3 h4 15.
Rhg1 O-O-O 16. Kb1 Kb8 17. g4 hxg3 18. Rxg3 Nh5 19. Rg2 Bf6 20. e5 dxe5 21.
fxe5 Bxe5 22. Rg5 Bxc3 23. bxc3 Bc6 24. Qxf7 Qe3 25. Rxh5 Rxh5 26. Qxh5 Rxd3
27. Rxd3 Qxd3+ 28. Kb2 g6 29. Qe5+ Ka7 30. Qxe6 Bd7 31. Qe7 Qxh3 32. Qc5+ Ka8
33. Na5 Qe6 34. Qf8+ Qe8 35. Qf3 Bc6 36. Qg4 Be4 37. Qe2 b6 38. Nb3 Bc6 39. Qg4
Kb7 40. Nd4 Qe4 1/2-1/2

[Event "Otvoreno Prvenstvo Sente 2015"]
[Site "Senta"]
[Date "2015.02.06"]
[Round "4.3"]
[White "Soklovacki, Mila"]
[Black "Solymosi, Andras"]
[Result "1/2-1/2"]
[WhiteElo "1834"]
[BlackElo "1957"]
[PlyCount "64"]
[EventDate "2015.01.30"]

1. e4 c5 2. Nc3 Nc6 3. Nf3 d6 4. d4 cxd4 5. Nxd4 Nf6 6. Bb5 Bd7 7. O-O e6 8.
Re1 Qc7 9. Be3 Be7 10. f3 O-O 11. Bxc6 bxc6 12. Nde2 d5 13. a3 Rfd8 14. exd5
cxd5 15. Bf2 Rac8 16. Qd4 e5 17. Qxa7 Qxa7 18. Bxa7 d4 19. Nd1 Rxc2 20. Nxd4
Rd2 21. Rxe5 Be6 22. Re2 R2xd4 23. Bxd4 Rxd4 24. Nc3 Bc5 25. Kh1 Bb3 26. Rae1
Kf8 27. Re5 Rc4 28. Nd5 Rc2 29. Nxf6 gxf6 30. Re8+ Kg7 31. R8e2 Rc4 32. Re4 Rc2
1/2-1/2

[Event "Otvoreno Prvenstvo Sente 2015"]
[Site "Senta"]
[Date "2015.02.06"]
[Round "4.4"]
[White "Simonyi, Zoltan"]
[Black "Sakic, Simeon"]
[Result "1-0"]
[WhiteElo "2243"]
[BlackElo "1859"]
[PlyCount "97"]
[EventDate "2015.01.30"]

1. d4 Nf6 2. c4 e6 3. Nc3 d5 4. Bg5 Be7 5. e3 Nbd7 6. Nf3 h6 7. Bh4 O-O 8. Rc1
c6 9. h3 Re8 10. g4 Ne4 11. Bxe7 Qxe7 12. Nxe4 dxe4 13. Nd2 e5 14. d5 Nf6 15.
dxc6 bxc6 16. Bg2 Qb4 17. Qc2 Rd8 18. Ke2 Rb8 19. b3 a5 20. Nxe4 Nxe4 21. Bxe4
c5 22. Rhd1 Be6 23. Rxd8+ Rxd8 24. Rd1 Rb8 25. Qd3 Qb6 26. Qd6 Qxd6 27. Rxd6 a4
28. Kd2 axb3 29. axb3 Kf8 30. Kc3 Rc8 31. Rc6 h5 32. f3 hxg4 33. hxg4 g6 34. g5
Ke7 35. Rxc8 Bxc8 36. Bd5 f6 37. gxf6+ Kxf6 38. b4 cxb4+ 39. Kxb4 g5 40. Kc5 g4
41. fxg4 Bxg4 42. Kd6 Be2 43. e4 Bd3 44. c5 Bb5 45. c6 Ba6 46. c7 Bc8 47. Bc6
Ba6 48. Bd7 Kg5 49. Kxe5 1-0

[Event "Otvoreno Prvenstvo Sente 2015"]
[Site "Senta"]
[Date "2015.02.06"]
[Round "4.5"]
[White "Kecskemeti, Arpad"]
[Black "Lorincz, Laszlo"]
[Result "1-0"]
[WhiteElo "2036"]
[BlackElo "1808"]
[PlyCount "63"]
[EventDate "2015.01.30"]

1. e4 c5 2. Nf3 d6 3. d4 cxd4 4. Nxd4 g6 5. Be3 Bg7 6. Nc3 Nf6 7. f3 a6 8. Qd2
b5 9. g4 Bb7 10. O-O-O Qa5 11. Kb1 Nc6 12. h4 h5 13. Nb3 Qc7 14. g5 Nd7 15. Nd5
Qc8 16. f4 Nd8 17. Nxe7 Kxe7 18. Qxd6+ Ke8 19. Bh3 Bc6 20. Bc5 Bf8 21. Bxd7+
Bxd7 22. Qe5+ Ne6 23. Bxf8 Rxf8 24. f5 Qc7 25. Rd6 Rc8 26. c3 a5 27. fxe6 Bxe6
28. Rxe6+ fxe6 29. Qxe6+ Qe7 30. Qxc8+ Kf7 31. Rf1+ Kg8 32. Qxf8+ 1-0

[Event "Otvoreno Prvenstvo Sente 2015"]
[Site "Senta"]
[Date "2015.02.06"]
[Round "4.6"]
[White "Toth, Kazmer"]
[Black "Brindza, Dezso"]
[Result "1/2-1/2"]
[WhiteElo "1974"]
[BlackElo "1712"]
[PlyCount "102"]
[EventDate "2015.01.30"]

1. d4 d6 2. c4 Nf6 3. Nc3 g6 4. g3 Bg7 5. Bg2 c6 6. e4 O-O 7. Nf3 Bg4 8. O-O
Nbd7 9. Be3 Nb6 10. b3 Qc7 11. Qc2 Bxf3 12. Bxf3 e5 13. Rad1 Rad8 14. Rd2 Qc8
15. Rfd1 Ng4 16. Bxg4 Qxg4 17. Kg2 Qc8 18. dxe5 dxe5 19. c5 Na8 20. Rd6 Nc7 21.
b4 Ne6 22. Ne2 Rxd6 23. Rxd6 Rd8 24. Qd2 Bf8 25. Rxd8 Qxd8 26. Qxd8 Nxd8 27. f4
f6 28. Kf3 Kf7 29. Nc1 Ke6 30. Nd3 Nf7 31. a4 a6 32. Nb2 Be7 33. Nc4 h5 34. h3
Bf8 35. Ke2 Be7 36. Kd3 Bd8 37. g4 hxg4 38. hxg4 Kd7 39. Ke2 Bc7 40. f5 g5 41.
Bd2 Kc8 42. Kd3 Nh6 43. Ne3 Bd8 44. Ke2 Nf7 45. Nf1 Kd7 46. Ng3 b6 47. Be3 b5
48. axb5 axb5 49. Nh5 Be7 50. Ng7 Kd8 51. Ne6+ Kd7 1/2-1/2

[Event "Otvoreno Prvenstvo Sente 2015"]
[Site "Senta"]
[Date "2015.02.06"]
[Round "4.7"]
[White "Korponai, Akos"]
[Black "Nagy, Aleksz M"]
[Result "1-0"]
[WhiteElo "1952"]
[BlackElo "1681"]
[PlyCount "37"]
[EventDate "2015.01.30"]

1. e4 c5 2. Nf3 Nc6 3. d4 cxd4 4. Nxd4 g6 5. c4 Bg7 6. Be3 d6 7. Nc3 Nf6 8. Be2
O-O 9. O-O a6 10. h3 e6 11. Qd2 Qc7 12. Rad1 Rd8 13. b3 b6 14. Nxc6 Qxc6 15. e5
Ne8 16. Bf3 d5 17. cxd5 exd5 18. Nxd5 Kh8 19. Nxb6 1-0

[Event "Otvoreno Prvenstvo Sente 2015"]
[Site "Senta"]
[Date "2015.02.06"]
[Round "4.8"]
[White "Ridjicki, Nenad"]
[Black "Davidovic, Zoran"]
[Result "0-1"]
[WhiteElo "1810"]
[BlackElo "1891"]
[PlyCount "82"]
[EventDate "2015.01.30"]

1. e4 e5 2. Nf3 Nc6 3. c3 Nf6 4. Qc2 d5 5. d3 Bg4 6. Be2 Bxf3 7. Bxf3 d4 8. O-O
Bd6 9. Bg5 h6 10. Bd2 O-O 11. c4 a5 12. a3 a4 13. Be2 Nh7 14. b4 axb3 15. Qxb3
b6 16. a4 Na5 17. Qa2 Nb7 18. f4 exf4 19. Bxf4 Bxf4 20. Rxf4 Nc5 21. Qc2 Qg5
22. Rf3 Ra5 23. Bd1 Nf6 24. Rg3 Qf4 25. Rf3 Qh4 26. Qe2 Nfd7 27. g3 Qe7 28. Nd2
Ne5 29. Rf5 Nexd3 30. Qf3 Ne5 31. Qf2 d3 32. Qd4 f6 33. Nb3 Rd8 34. Qe3 Rxa4
35. Rxa4 Nxa4 36. Nd4 Nb2 37. Bb3 Qc5 38. Rxe5 fxe5 39. Nf5 Qxe3+ 40. Nxe3 c5
41. Kf2 Ra8 0-1

[Event "Otvoreno Prvenstvo Sente 2015"]
[Site "Senta"]
[Date "2015.02.06"]
[Round "4.9"]
[White "Miljkovic, Vukasin"]
[Black "Farkas, Sandor I"]
[Result "0-1"]
[WhiteElo "1715"]
[BlackElo "1874"]
[PlyCount "72"]
[EventDate "2015.01.30"]

1. e4 c5 2. Nc3 d6 3. h3 a6 4. Nf3 Nf6 5. d4 cxd4 6. Nxd4 e6 7. Bd3 Be7 8. Be3
b5 9. b4 Qc7 10. Nde2 Bb7 11. a3 O-O 12. Qd2 Nbd7 13. Ng3 Nb6 14. O-O Nc4 15.
Bxc4 Qxc4 16. Qd4 Rac8 17. Qxc4 Rxc4 18. Bd2 Nxe4 19. Ncxe4 Bxe4 20. c3 Bg6 21.
f4 Bf6 22. Rac1 Rfc8 23. Rf3 Be4 24. Nxe4 Rxe4 25. Rd3 d5 26. g3 Rec4 27. Kg2
d4 28. Kf3 dxc3 29. Be3 c2 30. Rb3 Rc3 31. Rxc3 Rxc3 32. Kf2 Rc4 33. Ke2 Bb2
34. Kd2 Bxc1+ 35. Kxc1 Rc3 36. Bc5 Rxa3 0-1

[Event "Otvoreno Prvenstvo Sente 2015"]
[Site "Senta"]
[Date "2015.02.06"]
[Round "4.10"]
[White "Grbin, Stefan"]
[Black "Igaz, Ervin"]
[Result "0-1"]
[WhiteElo "1711"]
[BlackElo "2013"]
[PlyCount "42"]
[EventDate "2015.01.30"]

1. d4 Nf6 2. c4 g6 3. Nc3 Bg7 4. e4 d6 5. Nf3 Nbd7 6. h3 e5 7. dxe5 dxe5 8. Be3
Qe7 9. Be2 c6 10. O-O O-O 11. Qc2 Ne8 12. Bg5 f6 13. Bh4 Nc5 14. Nd2 Ne6 15.
Bg4 Nd4 16. Qd1 Nc7 17. Bxc8 Raxc8 18. Qa4 g5 19. Bg3 Nce6 20. Rfe1 Rcd8 21.
Red1 Nc5 0-1

[Event "Otvoreno Prvenstvo Sente 2015"]
[Site "Senta"]
[Date "2015.02.06"]
[Round "4.11"]
[White "Bacsa, Zoltan"]
[Black "Vrabel, Mate"]
[Result "0-1"]
[WhiteElo "1647"]
[BlackElo "1487"]
[PlyCount "82"]
[EventDate "2015.01.30"]

1. e4 e5 2. Nf3 Nc6 3. d4 exd4 4. Nxd4 Bc5 5. Be3 Bxd4 6. Bxd4 Nf6 7. Nc3 O-O
8. Be2 Re8 9. f3 b6 10. Qd2 Nxd4 11. Qxd4 d6 12. O-O-O Be6 13. Rhe1 a6 14. f4
Qe7 15. f5 Bc8 16. Bf3 Bb7 17. g4 Nd7 18. h3 Qh4 19. Bg2 h5 20. gxh5 Qxh5 21.
Rg1 Nf6 22. Qxf6 gxf6 23. Bf3+ Qg5+ 24. Rxg5+ fxg5 25. Rg1 f6 26. h4 Kf7 27.
hxg5 fxg5 28. Bh5+ Kf6 29. Bxe8 Rxe8 30. Rg4 Re5 31. Kd2 d5 32. Kd3 dxe4+ 33.
Nxe4+ Bxe4+ 34. Rxe4 Kxf5 35. Rd4 Re6 36. Rd5+ Kf4 37. Kc3 Rd6 38. Rxd6 cxd6
39. Kd4 g4 40. Kd5 g3 41. Kxd6 g2 0-1

[Event "Otvoreno Prvenstvo Sente 2015"]
[Site "Senta"]
[Date "2015.02.06"]
[Round "4.12"]
[White "Aleksic, Zvonimir"]
[Black "Radisic, Dragoljub"]
[Result "1-0"]
[WhiteElo "1874"]
[BlackElo "1395"]
[PlyCount "75"]
[EventDate "2015.01.30"]

1. e4 e5 2. Nf3 Nc6 3. Bb5 a6 4. Ba4 d6 5. c3 Bg4 6. O-O Nf6 7. Re1 Be7 8. d3
O-O 9. Nbd2 b5 10. Bc2 Nh5 11. h3 Be6 12. Nxe5 Nxe5 13. Qxh5 g6 14. Qe2 Bf6 15.
d4 Bc4 16. Nxc4 Nxc4 17. b3 Nb6 18. Be3 Nd7 19. Rad1 Re8 20. Qg4 h5 21. Qg3 Bh4
22. Qh2 Bf6 23. f4 c5 24. e5 cxd4 25. cxd4 dxe5 26. dxe5 Bg7 27. Qg3 Qc7 28.
Rc1 Qa5 29. Qf2 Rac8 30. Bb1 Rcd8 31. Red1 Nf8 32. Rxd8 Rxd8 33. Bb6 Qd2 34.
Be3 Qxf2+ 35. Kxf2 Ne6 36. Rc6 Rd1 37. Bc2 Nd4 38. Rc8+ 1-0

[Event "Otvoreno Prvenstvo Sente 2015"]
[Site "Senta"]
[Date "2015.02.06"]
[Round "4.13"]
[White "Kruska, Matej"]
[Black "Olajos, Gyozo"]
[Result "0-1"]
[WhiteElo "1390"]
[BlackElo "1647"]
[PlyCount "80"]
[EventDate "2015.01.30"]

1. d4 Nf6 2. c4 e6 3. Nc3 Bb4 4. Bd2 Nc6 5. e3 b6 6. g3 Bb7 7. Bg2 O-O 8. Nf3
Rb8 9. O-O Ba6 10. b3 d5 11. Nb5 Ne4 12. Bxb4 Nxb4 13. a3 Nc6 14. Rc1 Bb7 15.
Nd2 f5 16. Qc2 a6 17. Nc3 Na5 18. b4 Nxc4 19. Nxc4 dxc4 20. Nxe4 fxe4 21. Bxe4
Bxe4 22. Qxe4 Qd5 23. Qxd5 exd5 24. h4 Rf3 25. Rc3 Rbf8 26. a4 c6 27. Ra3 h6
28. a5 Rb8 29. Kg2 Rf7 30. Ra2 Kh7 31. Rfa1 Ra7 32. f3 Kg6 33. e4 b5 34. e5 Kf5
35. f4 Ke4 36. Kh3 Kxd4 37. Rd1+ Kc3 38. Rf2 d4 39. Rc1+ Kxb4 40. Ra2 c3 0-1

[Event "Otvoreno Prvenstvo Sente 2015"]
[Site "Senta"]
[Date "2015.02.07"]
[Round "5.2"]
[White "Nagy, Attila N"]
[Black "Vranic, Ljubomir"]
[Result "1-0"]
[WhiteElo "2202"]
[BlackElo "2199"]
[PlyCount "63"]
[EventDate "2015.01.30"]

1. Nf3 d5 2. c4 c6 3. d4 Nf6 4. e3 e6 5. Nc3 Bd6 6. Qc2 Nbd7 7. Bd2 O-O 8. Be2
Qe7 9. Rd1 a6 10. e4 dxe4 11. Nxe4 Nxe4 12. Qxe4 e5 13. dxe5 Nxe5 14. O-O Bg4
15. Rfe1 Rae8 16. Nxe5 f5 17. Qe3 Bxe5 18. Bxg4 fxg4 19. g3 Qf6 20. Bb4 Bd6 21.
Qxe8 Qxf2+ 22. Kh1 Qf3+ 23. Kg1 Bxb4 24. Qe6+ Kh8 25. Qe3 Bxe1 26. Rxe1 Qf7 27.
b3 h6 28. Qe2 Qf5 29. Rf1 Qc5+ 30. Kg2 Rd8 31. Rd1 Rd4 32. Qf2 1-0

[Event "Otvoreno Prvenstvo Sente 2015"]
[Site "Senta"]
[Date "2015.02.07"]
[Round "5.3"]
[White "Solymosi, Andras"]
[Black "Simonyi, Zoltan"]
[Result "0-1"]
[WhiteElo "1957"]
[BlackElo "2243"]
[PlyCount "120"]
[EventDate "2015.01.30"]

1. d4 Nf6 2. Nf3 g6 3. g3 b6 4. Bg2 Bb7 5. O-O Bg7 6. c4 O-O 7. Nc3 Ne4 8. Nd2
Nxc3 9. bxc3 Bxg2 10. Kxg2 c5 11. Nb3 d6 12. Qd3 Nd7 13. e4 Qc8 14. Be3 Qa6 15.
a4 Rab8 16. f4 e6 17. Rfd1 Rfc8 18. d5 exd5 19. exd5 Re8 20. Bd2 Nf6 21. Re1
Rxe1 22. Bxe1 Re8 23. Nd2 h5 24. h3 Bh6 25. Qf3 Qc8 26. Bf2 Qf5 27. Re1 Rxe1
28. Bxe1 h4 29. g4 Qxf4 30. Qxf4 Bxf4 31. Kf3 g5 32. Nb1 Nd7 33. Bd2 Ne5+ 34.
Ke4 Nxc4 35. Bxf4 gxf4 36. Kxf4 f6 37. Ke4 Kf7 38. Kd3 Nb2+ 39. Kc2 Nxa4 40.
Na3 a6 41. Nc4 Ke7 42. Ne3 b5 43. Nf5+ Kf8 44. Nxh4 Nb6 45. Ng6+ Kf7 46. Nf4
Nc4 47. Kd3 a5 48. Ne2 a4 49. Nc1 Kg6 50. Ke4 Kg5 51. Na2 a3 52. Kf3 Ne5+ 53.
Ke4 Ng6 54. Kf3 Ne7 55. Ke4 Kh4 56. Kf4 Kxh3 57. g5 fxg5+ 58. Kxg5 Nxd5 59. c4
bxc4 60. Kf5 Nb4 0-1

[Event "Otvoreno Prvenstvo Sente 2015"]
[Site "Senta"]
[Date "2015.02.07"]
[Round "5.4"]
[White "Farkas, Sandor I"]
[Black "Kecskemeti, Arpad"]
[Result "0-1"]
[WhiteElo "1874"]
[BlackElo "2036"]
[PlyCount "98"]
[EventDate "2015.01.30"]

1. e4 c5 2. Nf3 d6 3. d4 cxd4 4. Qxd4 e5 5. Bb5+ Nc6 6. Bxc6+ bxc6 7. Qd3 Be7
8. c4 h6 9. O-O Nf6 10. Nc3 O-O 11. h3 Nh5 12. c5 Qc7 13. cxd6 Bxd6 14. Be3 Rd8
15. Qc2 g5 16. Rac1 Qe7 17. Na4 Bd7 18. Nc5 Be8 19. Qc3 Ng7 20. Nd3 f6 21. b4
Rab8 22. Nc5 Kh8 23. a3 Rbc8 24. Nd2 Bg6 25. f3 Bf7 26. Rfe1 Nh5 27. g4 Nf4 28.
Bxf4 exf4 29. Nc4 Bxc5+ 30. bxc5 Qxc5+ 31. Kh1 Qd4 32. Red1 Qxc3 33. Rxd8+ Rxd8
34. Rxc3 c5 35. Kg2 Bxc4 36. Rxc4 Rd2+ 37. Kf1 Rd3 38. Ke2 Rxa3 39. Rxc5 Ra2+
40. Kf1 a5 41. Rc7 a4 42. Ra7 a3 43. Ke1 Ra1+ 44. Kd2 a2 45. Kc2 Rf1 46. Kb2
Rxf3 47. Kxa2 Kg8 48. Ra5 Rxh3 49. Rf5 Kg7 0-1

[Event "Otvoreno Prvenstvo Sente 2015"]
[Site "Senta"]
[Date "2015.02.07"]
[Round "5.5"]
[White "Davidovic, Zoran"]
[Black "Soklovacki, Mila"]
[Result "1/2-1/2"]
[WhiteElo "1891"]
[BlackElo "1834"]
[PlyCount "68"]
[EventDate "2015.01.30"]

1. d4 d5 2. Nf3 Nf6 3. c4 e6 4. Bg5 Be7 5. e3 O-O 6. c5 b6 7. cxb6 cxb6 8. Bd3
Ba6 9. Nc3 Bxd3 10. Qxd3 h6 11. Bh4 Nc6 12. a3 Na5 13. Ne5 Nd7 14. Bxe7 Nxe5
15. Bxd8 Nxd3+ 16. Ke2 Nxb2 17. Be7 Rfc8 18. Rab1 Rxc3 19. Rxb2 Rac8 20. Rhb1
Rc2+ 21. Kd1 Rxb2 22. Rxb2 Rc4 23. Bd6 Nc6 24. Rc2 Rxc2 25. Kxc2 b5 26. Bc5 a6
27. f3 f5 28. Bb6 Kf7 29. Kc3 g6 30. Bc7 Ke7 31. h4 Kd7 32. Bb6 h5 33. Bc5 Kc7
34. Kd3 Kd7 1/2-1/2

[Event "Otvoreno Prvenstvo Sente 2015"]
[Site "Senta"]
[Date "2015.02.07"]
[Round "5.6"]
[White "Vrabel, Mate"]
[Black "Korponai, Akos"]
[Result "0-1"]
[WhiteElo "1487"]
[BlackElo "1952"]
[PlyCount "50"]
[EventDate "2015.01.30"]

1. d4 Nf6 2. Nf3 e6 3. c4 Bb4+ 4. Bd2 Bxd2+ 5. Nbxd2 d5 6. cxd5 exd5 7. Qb3 O-O
8. e3 Qe7 9. Bd3 c6 10. O-O Nbd7 11. Rfc1 Re8 12. Qc2 Nf8 13. Rab1 Ne4 14. b4
Bf5 15. Rb3 Nd7 16. b5 cxb5 17. Bxb5 Nd6 18. Qb2 Rec8 19. Bd3 Bxd3 20. Rxd3 Nb6
21. Qa3 Rxc1+ 22. Qxc1 Rc8 23. Qa3 Qc7 24. Nb3 Qc2 25. Nc5 Qb1+ 0-1

[Event "Otvoreno Prvenstvo Sente 2015"]
[Site "Senta"]
[Date "2015.02.07"]
[Round "5.7"]
[White "Igaz, Ervin"]
[Black "Toth, Kazmer"]
[Result "1/2-1/2"]
[WhiteElo "2013"]
[BlackElo "1974"]
[PlyCount "99"]
[EventDate "2015.01.30"]

1. e4 d6 2. d4 Nf6 3. Nc3 c6 4. f4 g6 5. Nf3 Bg7 6. Be2 O-O 7. O-O b5 8. e5 Ne8
9. Ne4 d5 10. Nc5 Nc7 11. b4 a5 12. c3 Nd7 13. Bd2 Nxc5 14. bxc5 a4 15. a3 Bf5
16. h3 f6 17. Be3 Be4 18. Nh2 f5 19. g4 e6 20. Qe1 Rf7 21. Qg3 Bf8 22. Kf2 Be7
23. g5 Ne8 24. Ke1 Ng7 25. Kd2 Qa5 26. Ra2 Rd8 27. Bf2 Bf8 28. Kc1 Rb7 29. Rb2
Rdb8 30. Be1 Qd8 31. Qe3 Ne8 32. Rg1 Rg7 33. Nf3 Nc7 34. h4 Na6 35. h5 Bxf3 36.
Bxf3 Be7 37. Rh1 Kf7 38. hxg6+ hxg6 39. Rh6 Qc7 40. Bd1 Rbg8 41. Rbh2 Qd8 42.
Qh3 Qf8 43. Bf2 Ke8 44. Qf3 Kd7 45. Qh1 Nc7 46. Rh7 Ne8 47. Rh8 Qf7 48. Be2 Nc7
49. R8h6 Qe8 50. Qf1 1/2-1/2

[Event "Otvoreno Prvenstvo Sente 2015"]
[Site "Senta"]
[Date "2015.02.07"]
[Round "5.8"]
[White "Brindza, Dezso"]
[Black "Ridjicki, Nenad"]
[Result "1/2-1/2"]
[WhiteElo "1712"]
[BlackElo "1810"]
[PlyCount "140"]
[EventDate "2015.01.30"]

1. d4 d5 2. e3 e6 3. Bd3 c5 4. c3 Nc6 5. a3 e5 6. dxe5 Nxe5 7. Bb5+ Nc6 8. Nf3
Qb6 9. c4 a6 10. Bxc6+ Qxc6 11. Qxd5 Qc7 12. Qe5+ Qxe5 13. Nxe5 Bd6 14. Nf3 Nf6
15. h3 O-O 16. Nbd2 Bf5 17. O-O Bd3 18. Re1 Ne4 19. Nxe4 Bxe4 20. Ng5 Bc2 21.
Nf3 Rad8 22. Bd2 Be4 23. Bc3 Bd3 24. Ba5 Rd7 25. Rad1 Bxc4 26. Ne5 Bxe5 27.
Rxd7 Bxb2 28. Rxb7 Bxa3 29. Ra1 Bb4 30. Bxb4 cxb4 31. Rxb4 Bb5 32. e4 g6 33. f3
Re8 34. Kf2 Kg7 35. h4 h5 36. Kg3 Re6 37. Rc1 Kf6 38. Rc5 Re5 39. Rc7 Re7 40.
Rxe7 Kxe7 41. Rd4 Bc6 42. e5 a5 43. Kf4 a4 44. Rd3 Bb5 45. Rc3 Ke6 46. g4 hxg4
47. fxg4 Be2 48. Kg5 Bd1 49. Re3 Bb3 50. h5 gxh5 51. gxh5 Kd5 52. h6 Kd4 53. h7
Kxe3 54. h8=Q Kd3 55. Qc8 Kd4 56. Kf6 Kd3 57. Qc7 Kd2 58. Kf5 Kd3 59. Qc5 Bc2
60. Kf4 Bb3 61. Kf3 Kd2 62. Qe3+ Kc2 63. Qa7 Kb2 64. Ke3 Kc3 65. Qc5+ Bc4 66.
Qa3+ Bb3 67. Ke2 Kd4 68. Qd6+ Kc3 69. Qc6+ Bc4+ 70. Kd1 a3 1/2-1/2

[Event "Otvoreno Prvenstvo Sente 2015"]
[Site "Senta"]
[Date "2015.02.07"]
[Round "5.9"]
[White "Nagy, Aleksz M"]
[Black "Aleksic, Zvonimir"]
[Result "1-0"]
[WhiteElo "1681"]
[BlackElo "1874"]
[PlyCount "89"]
[EventDate "2015.01.30"]

1. e4 e5 2. Nf3 Nf6 3. Nxe5 d6 4. Nf3 Nxe4 5. Nc3 Nxc3 6. dxc3 Nc6 7. Be3 Be7
8. Qd2 a6 9. h3 Be6 10. Nd4 Qd7 11. Be2 Ne5 12. b3 Bd5 13. Rg1 Be4 14. f3 Bg6
15. f4 Nc6 16. Nxc6 Qxc6 17. O-O-O Be4 18. Bd4 Rg8 19. Bd3 d5 20. Bxe4 dxe4 21.
Qe3 O-O-O 22. g4 g5 23. Kb2 Rde8 24. Rde1 Qb5 25. c4 Qa5 26. c5 gxf4 27. Qxf4
Bxc5 28. Qf5+ Kb8 29. Qxc5 Qxc5 30. Bxc5 Rg6 31. Rgf1 Rh6 32. Re3 b6 33. Bd4
Rd6 34. Bc3 Re7 35. Rf4 Rde6 36. Rf6 Rxf6 37. Bxf6 Re6 38. Bg5 Kb7 39. Kc3 c5
40. Re2 Kc6 41. Kd2 b5 42. Ke3 f6 43. Bh4 h5 44. Rf2 hxg4 45. hxg4 1-0

[Event "Otvoreno Prvenstvo Sente 2015"]
[Site "Senta"]
[Date "2015.02.07"]
[Round "5.10"]
[White "Sakic, Simeon"]
[Black "Grbin, Stefan"]
[Result "1-0"]
[WhiteElo "1859"]
[BlackElo "1711"]
[PlyCount "63"]
[EventDate "2015.01.30"]

1. e4 e6 2. d4 d5 3. Nd2 Nf6 4. e5 Nfd7 5. f4 c5 6. c3 Nc6 7. Ngf3 Qb6 8. Nb3
c4 9. Nbd2 Qc7 10. Be2 b5 11. a3 a5 12. O-O Be7 13. Qe1 Rb8 14. Qg3 g6 15. Ng5
Nd8 16. Ndf3 b4 17. axb4 axb4 18. Bd1 h6 19. Nh3 Nc6 20. Bc2 Nf8 21. Nf2 Na5
22. Bd2 bxc3 23. Bxc3 Nb3 24. Rad1 Qd8 25. Ng4 Bd7 26. Ne3 Bc6 27. Qh3 Qc8 28.
g4 Bd7 29. Kh1 Rh7 30. f5 Rb6 31. fxg6 fxg6 32. Rf2 1-0

[Event "Otvoreno Prvenstvo Sente 2015"]
[Site "Senta"]
[Date "2015.02.07"]
[Round "5.11"]
[White "Lorincz, Laszlo"]
[Black "Uveric, Nebojsa"]
[Result "1-0"]
[WhiteElo "1808"]
[BlackElo "1533"]
[PlyCount "69"]
[EventDate "2015.01.30"]

1. d4 d5 2. Bf4 e6 3. Nf3 Nf6 4. a3 c5 5. c3 Nc6 6. e3 Be7 7. Nbd2 O-O 8. Rc1
c4 9. Be2 Nh5 10. Bg3 Nxg3 11. hxg3 f6 12. Qc2 g6 13. Nh4 Qe8 14. e4 Bd7 15.
Nhf3 Bd6 16. O-O g5 17. Rfe1 Qf7 18. Nh2 Qg7 19. Ndf1 h6 20. Ne3 Ne7 21. Bf3
Bc6 22. exd5 exd5 23. Nf5 Nxf5 24. Qxf5 Qf7 25. Re6 Bc7 26. Bxd5 Bxd5 27. Qxd5
Kh8 28. Rce1 Rac8 29. Qf5 h5 30. Re7 Qg8 31. R1e6 Bd8 32. Rxb7 a5 33. Rd6 Bc7
34. Rd7 Rf7 35. Rxf7 1-0